Medzinárodné sympózium veterinárov v Košiciach

Bibliographic Details
Corporate Author: Univerzita veterinárskeho lekárstva v Košiciach (Author)
Format: Article
Language:Slovak
Subjects:

MARC

LEADER 00000nab a2200000 a 4500
001 vtls000924830
003 SK-MaSNL
005 20260303184050.0
008 040720e19941219xo 0 slo
035 |a KE33707 
040 |a KEVKJB  |b slo  |c KEVKJB  |e AACR2 
041 0 |a slo 
044 |a xo  |c SK 
080 |a 17.12.1994  |2 1981 
080 |a 378  |2 1981 
080 |a 619  |2 1981 
245 0 0 |a Medzinárodné sympózium veterinárov v Košiciach 
610 2 7 |a Univerzita veterinárskeho lekárstva v Košiciach  |2 KEVKJB  |9 30750 
650 0 7 |a sympózia medzinárodné  |2 SNKPH  |9 29776 
650 0 7 |a informácie  |2 KEVKJB  |9 1285 
651 7 |a Košice (Slovensko)  |2 KEVKJB  |9 18694 
651 7 |a KE,  |2 KEVKJB  |9 877256 
655 7 |a periodikum  |2 snkbucl  |9 29553 
710 2 |a Univerzita veterinárskeho lekárstva v Košiciach  |4 aut  |9 30750 
773 0 8 |t Národná obroda  |g Roč. 5  |g Roč. 28, č.293, 19.12.1994, s. 4 
852 |a ZVYKNI  |b KIS3GCP 
999 |c 2124751  |d 2126681